| Tag |
First Indicator |
Second Indicator |
Subfields |
| LEADER |
00000cam a2200000 a 4500 |
| 001 |
in00000033048 |
| 005 |
20151007055111.0 |
| 008 |
861030s1981 nyua 00010 eng d |
| 035 |
|
|
|a (OCoLC)14579688
|
| 035 |
|
|
|9 AAB7259AM
|
| 040 |
|
|
|a VDB
|c VDB
|d TXA
|d UtOrBLW
|
| 043 |
|
|
|a n-us---
|
| 049 |
|
|
|a TXAM
|c [A10207766]
|
| 050 |
|
4 |
|a LB2831.82
|b .T7 1981
|
| 100 |
1 |
|
|a Treatman, Paul.
|
| 245 |
1 |
0 |
|a Promoting your career in educational administration /
|c by Paul Treatman.
|
| 264 |
|
1 |
|a Brooklyn, N.Y. :
|b Abscott Press,
|c [1981]
|
| 264 |
|
4 |
|c ©1981
|
| 300 |
|
|
|a 254 pages :
|b illustrations ;
|c 28 cm.
|
| 336 |
|
|
|a text
|b txt
|2 rdacontent
|
| 337 |
|
|
|a unmediated
|b n
|2 rdamedia
|
| 338 |
|
|
|a volume
|b nc
|2 rdacarrier
|
| 650 |
|
0 |
|a School administrators
|x Rating of.
|
| 650 |
|
0 |
|a School administrators
|z United States.
|
| 650 |
|
0 |
|a Promotions
|z United States.
|
| 999 |
|
|
|a MARS
|
| 999 |
f |
f |
|s 22e1f628-cba8-35f9-8021-4b25178e33e9
|i 3463b4bc-f72f-3e3d-81ea-705ab6921859
|t 0
|
| 952 |
f |
f |
|p ric
|a Texas A&M University
|b Rellis Campus
|c Joint Library Facility
|d Remote Storage
|t 0
|e LB2831.82 .T7 1981
|h Library of Congress classification
|i unmediated -- volume
|m A14810207766
|
| 998 |
f |
f |
|a LB2831.82 .T7 1981
|t 0
|l Remote Storage
|